Music Quiz

Random Music or Bands Quiz

Four-Word Bands Slot Machine Quiz Stats

 Plays Quiz Updated Mar 18, 2019

Score 0/96 Timer 05:00
0 Plays Today
% Correct
Alvin and The Chipmunks
96.1%
Alvin and The Chipmunks
96.1%
Alvin and The Chipmunks
96.1%
Alvin and The Chipmunks
96.1%
Rage Against The Machine
93.7%
Rage Against The Machine
93.7%
Rage Against The Machine
93.7%
Rage Against The Machine
93.7%
Red Hot Chili Peppers
92.5%
Red Hot Chili Peppers
92.5%
Red Hot Chili Peppers
92.5%
Red Hot Chili Peppers
92.5%
Hootie and The Blowfish
91.2%
Hootie and The Blowfish
91.2%
Hootie and The Blowfish
91.2%
Hootie and The Blowfish
91.2%
Panic! At The Disco
82.8%
Panic! At The Disco
82.8%
Panic! At The Disco
82.8%
Panic! At The Disco
82.8%
Death Cab For Cutie
76.8%
Death Cab For Cutie
76.8%
Death Cab For Cutie
76.8%
Death Cab For Cutie
76.8%
A Flock Of Seagulls
75.6%
A Flock Of Seagulls
75.6%
A Flock Of Seagulls
75.6%
A Flock Of Seagulls
75.6%
System Of A Down
74.9%
System Of A Down
74.9%
System Of A Down
74.9%
System Of A Down
74.9%
% Correct
Frankie Goes To Hollywood
73.3%
Frankie Goes To Hollywood
73.3%
Frankie Goes To Hollywood
73.3%
Frankie Goes To Hollywood
73.3%
Peter Paul and Mary
71.4%
Peter Paul and Mary
71.4%
Peter Paul and Mary
71.4%
Peter Paul and Mary
71.4%
They Might Be Giants
65.7%
They Might Be Giants
65.7%
They Might Be Giants
65.7%
They Might Be Giants
65.6%
Nitty Gritty Dirt Band
57.8%
Nitty Gritty Dirt Band
57.8%
Nitty Gritty Dirt Band
57.8%
Nitty Gritty Dirt Band
57.8%
Emerson Lake and Palmer
57.7%
Emerson Lake and Palmer
57.7%
Emerson Lake and Palmer
57.7%
Emerson Lake and Palmer
57.6%
Toad The Wet Sprocket
54.4%
Toad The Wet Sprocket
54.4%
Toad The Wet Sprocket
54.4%
Toad The Wet Sprocket
54.4%
As I Lay Dying
48.2%
A Tribe Called Quest
48.2%
As I Lay Dying
48.2%
A Tribe Called Quest
48.2%
As I Lay Dying
48.2%
A Tribe Called Quest
48.2%
As I Lay Dying
48.2%
A Tribe Called Quest
48.2%
% Correct
Manfred Mann's Earth Band
47.8%
Manfred Mann's Earth Band
47.8%
Manfred Mann's Earth Band
47.8%
Manfred Mann's Earth Band
47.8%
Tony Orlando and Dawn
46.5%
Tony Orlando and Dawn
46.5%
Tony Orlando and Dawn
46.5%
Tony Orlando and Dawn
46.5%
Five Finger Death Punch
45.6%
Five Finger Death Punch
45.6%
Five Finger Death Punch
45.6%
Five Finger Death Punch
45.6%
Everything But The Girl
45.4%
Everything But The Girl
45.4%
Everything But The Girl
45.4%
Everything But The Girl
45.4%
A Taste Of Honey
39.5%
A Taste Of Honey
39.5%
A Taste Of Honey
39.5%
A Taste Of Honey
39.5%
Blessid Union Of Souls
34.7%
Blessid Union Of Souls
34.7%
Blessid Union Of Souls
34.7%
Blessid Union Of Souls
34.7%
Black Rebel Motorcycle Club
31.9%
Black Rebel Motorcycle Club
31.9%
Black Rebel Motorcycle Club
31.9%
Black Rebel Motorcycle Club
31.9%
Old Crow Medicine Show
28.7%
Old Crow Medicine Show
28.7%
Old Crow Medicine Show
28.7%
Old Crow Medicine Show
28.7%

You're not logged in!

Compare scores with friends on all Sporcle quizzes.
OR
Log In

Sporcle TV

Today on Sporcle TV


Watch our educational content, quiz creation guides, and fun videos on Sporcle TV.

Show Comments

Extras

Top Quizzes Today


Score Distribution

Your Account Isn't Verified!

In order to create a playlist on Sporcle, you need to verify the email address you used during registration. Go to your Sporcle Settings to finish the process.

Report this User

Report this user for behavior that violates our Community Guidelines.

Details: